<?xml version="1.0" encoding="UTF-8"?>
<record
    xmlns:xsi="http://www.w3.org/2001/XMLSchema-instance"
    xsi:schemaLocation="http://www.loc.gov/MARC21/slim http://www.loc.gov/standards/marcxml/schema/MARC21slim.xsd"
    xmlns="http://www.loc.gov/MARC21/slim">

  <leader>01109nam a2200265 a 4500</leader>
  <controlfield tag="008">960511s1984.|||[C               0  slo c</controlfield>
  <datafield tag="020" ind1=" " ind2=" ">
    <subfield code="c">36 K&#x10D;s.</subfield>
  </datafield>
  <datafield tag="040" ind1=" " ind2=" ">
    <subfield code="a">SNK</subfield>
    <subfield code="b">slo</subfield>
    <subfield code="c">SNK</subfield>
    <subfield code="e">AACR2</subfield>
  </datafield>
  <datafield tag="041" ind1="1" ind2=" ">
    <subfield code="a">slo</subfield>
  </datafield>
  <datafield tag="044" ind1=" " ind2=" ">
    <subfield code="a">xo</subfield>
    <subfield code="c">SK</subfield>
  </datafield>
  <datafield tag="080" ind1=" " ind2=" ">
    <subfield code="a">785.7:786.2(086.7)</subfield>
  </datafield>
  <datafield tag="080" ind1=" " ind2=" ">
    <subfield code="a">786.2(086.7)</subfield>
  </datafield>
  <datafield tag="080" ind1=" " ind2=" ">
    <subfield code="a">786.2</subfield>
  </datafield>
  <datafield tag="110" ind1="0" ind2=" ">
    <subfield code="a">Tr&#xE1;vni&#x10D;kovo kvarteto</subfield>
    <subfield code="4">prf</subfield>
  </datafield>
  <datafield tag="245" ind1="1" ind2="0">
    <subfield code="a">Dezider Kardo&#x161;</subfield>
    <subfield code="h">Audioz&#xE1;znam</subfield>
    <subfield code="c">Tr&#xE1;vni&#x10D;kovo kvarteto, Bratislavsk&#xE9; dychov&#xE9; kvinteto, Slovensk&#xFD; komorn&#xFD; orchester ; &#x13D;udmila Kojanov&#xE1;, Pavol Novotn&#xFD;</subfield>
  </datafield>
  <datafield tag="260" ind1=" " ind2=" ">
    <subfield code="a">Bratislava,</subfield>
    <subfield code="b">Opus</subfield>
    <subfield code="c">1984.</subfield>
  </datafield>
  <datafield tag="300" ind1=" " ind2=" ">
    <subfield code="a">2 s.</subfield>
  </datafield>
  <datafield tag="500" ind1=" " ind2=" ">
    <subfield code="a">Gramof&#xF3;nov&#xE1; plat&#x148;a. Stereo. M&#xE1; 4 skladby. Obal Jozef Trep&#xE1;&#x10D;. Notes Vladim&#xED;r God&#xE1;r. Fot. Milo&#x161; Van&#x10D;o. Dizajn Otto Nittnaus. Vytl. Grafobal, n.p., Skalica.</subfield>
  </datafield>
  <datafield tag="500" ind1=" " ind2=" ">
    <subfield code="a">Klav&#xED;r &#x13D;udmila Kojanov&#xE1;, Pavol Novotn&#xFD;. Hr&#xE1; Travni&#x10D;kovo kvarteto, Bratislavsk&#xE9; dychov&#xE9; kvinteto a Slovensk&#xFD; komorn&#xFD; orchester.</subfield>
  </datafield>
  <datafield tag="700" ind1="1" ind2=" ">
    <subfield code="a">Kojanov&#xE1;, &#x13D;udmila</subfield>
    <subfield code="4">nrt</subfield>
  </datafield>
  <datafield tag="700" ind1="1" ind2=" ">
    <subfield code="a">Novotn&#xFD;, Pavol</subfield>
    <subfield code="4">nrt</subfield>
  </datafield>
  <datafield tag="710" ind1="0" ind2=" ">
    <subfield code="a">Bratislavsk&#xE9; dychov&#xE9; kvinteto</subfield>
    <subfield code="4">prf</subfield>
  </datafield>
  <datafield tag="710" ind1="0" ind2=" ">
    <subfield code="a">Slovensk&#xFD; komorn&#xFD; orchester</subfield>
    <subfield code="4">prf</subfield>
  </datafield>
  <datafield tag="958" ind1=" " ind2=" ">
    <subfield code="a">J</subfield>
  </datafield>
  <datafield tag="999" ind1=" " ind2=" ">
    <subfield code="c">15102</subfield>
    <subfield code="d">15102</subfield>
  </datafield>
  <datafield tag="952" ind1=" " ind2=" ">
    <subfield code="0">0</subfield>
    <subfield code="1">0</subfield>
    <subfield code="4">0</subfield>
    <subfield code="7">0</subfield>
    <subfield code="8">K</subfield>
    <subfield code="a">10000</subfield>
    <subfield code="b">10000</subfield>
    <subfield code="d">2019-11-29</subfield>
    <subfield code="g">36.00</subfield>
    <subfield code="i">14139</subfield>
    <subfield code="o">I 0210</subfield>
    <subfield code="r">2019-11-29</subfield>
    <subfield code="w">2019-11-29</subfield>
    <subfield code="y">OLDO</subfield>
  </datafield>
</record>
